<?xml version="1.0" encoding="UTF-8"?><?xml-stylesheet type="text/xsl" href="static/style.xsl"?><OAI-PMH xmlns="http://www.openarchives.org/OAI/2.0/" xmlns:xsi="http://www.w3.org/2001/XMLSchema-instance" xsi:schemaLocation="http://www.openarchives.org/OAI/2.0/ http://www.openarchives.org/OAI/2.0/OAI-PMH.xsd"><responseDate>2026-06-29T02:27:25Z</responseDate><request verb="GetRecord" identifier="oai:docta.ucm.es:20.500.14352/105710" metadataPrefix="marc">https://docta.ucm.es/rest/oai/request</request><GetRecord><record><header><identifier>oai:docta.ucm.es:20.500.14352/105710</identifier><datestamp>2025-03-18T15:09:15Z</datestamp><setSpec>com_20.500.14352_14</setSpec><setSpec>col_20.500.14352_15</setSpec></header><metadata><record xmlns="http://www.loc.gov/MARC21/slim" xmlns:dcterms="http://purl.org/dc/terms/" xmlns:xsi="http://www.w3.org/2001/XMLSchema-instance" xmlns:doc="http://www.lyncode.com/xoai" xsi:schemaLocation="http://www.loc.gov/MARC21/slim http://www.loc.gov/standards/marcxml/schema/MARC21slim.xsd">
   <leader>00925njm 22002777a 4500</leader>
   <datafield ind2=" " ind1=" " tag="042">
      <subfield code="a">dc</subfield>
   </datafield>
   <datafield ind2=" " ind1=" " tag="720">
      <subfield code="a">Quinchia, Jennifer</subfield>
      <subfield code="e">author</subfield>
   </datafield>
   <datafield ind2=" " ind1=" " tag="720">
      <subfield code="a">Blázquez-García, Marina</subfield>
      <subfield code="e">author</subfield>
   </datafield>
   <datafield ind2=" " ind1=" " tag="720">
      <subfield code="a">Torrente Rodríguez, Rebeca Magnolia</subfield>
      <subfield code="e">author</subfield>
   </datafield>
   <datafield ind2=" " ind1=" " tag="720">
      <subfield code="a">Ruiz Valdepeñas Montiel, Víctor</subfield>
      <subfield code="e">author</subfield>
   </datafield>
   <datafield ind2=" " ind1=" " tag="720">
      <subfield code="a">Serafín González-Carrato, Verónica</subfield>
      <subfield code="e">author</subfield>
   </datafield>
   <datafield ind2=" " ind1=" " tag="720">
      <subfield code="a">Rejas-González, Raquel</subfield>
      <subfield code="e">author</subfield>
   </datafield>
   <datafield ind2=" " ind1=" " tag="720">
      <subfield code="a">Montero-Calle, Ana</subfield>
      <subfield code="e">author</subfield>
   </datafield>
   <datafield ind2=" " ind1=" " tag="720">
      <subfield code="a">Orozco, Jahir</subfield>
      <subfield code="e">author</subfield>
   </datafield>
   <datafield ind2=" " ind1=" " tag="720">
      <subfield code="a">Pingarrón Carrazón, José Manuel</subfield>
      <subfield code="e">author</subfield>
   </datafield>
   <datafield ind2=" " ind1=" " tag="720">
      <subfield code="a">Barderas Manchado, Rodrigo</subfield>
      <subfield code="e">author</subfield>
   </datafield>
   <datafield ind2=" " ind1=" " tag="720">
      <subfield code="a">Campuzano Ruiz, Susana</subfield>
      <subfield code="e">author</subfield>
   </datafield>
   <datafield ind2=" " ind1=" " tag="260">
      <subfield code="c">2024-01</subfield>
   </datafield>
   <datafield ind2=" " ind1=" " tag="520">
      <subfield code="a">Detecting overexpression of cancer biomarkers is an excellent tool for diagnostic/prognostic and follow-up of patients with cancer or their response to treatment. This work illustrates the relevance of interrogating the levels of T-cell immunoglobulin and mucin domain 1 (TIM-1) protein as a diagnostic/prognostic biomarker of high-prevalence breast and lung cancers by using an amperometric disposable magnetic microparticles-assisted immunoplatform. The developed method integrates the inherent advantages of carboxylic acid-functionalized magnetic beads (HOOC-MBs) as pre-concentrator support and the amperometric transduction at screen-printed carbon electrodes (SPCEs). The immunoplatform involves a sandwich-type immunoassay assembled on HOOC-MBs through the specific capture/labeling of TIM-1 using capture antibodies and horseradish peroxidase (HRP)-conjugated biotinylated detection antibodies as biorecognition elements. The magnetic immunoconjugates were confined onto the working electrode (WE) surface of the SPCEs for amperometric detection using the hydroquinone/hydrogen peroxide/HRP (HQ/H2O2/HRP) redox system. The method allows the selective detection of TIM-1 protein over the 87–7500 pg mL−1 concentration range in only 45 min, with a limit of detection of 26 pg mL−1. The developed bioplatform was successfully applied to the analysis of breast and lung cancer cell extracts, providing the first quantitative results of the target glycoprotein in these types of samples.</subfield>
   </datafield>
   <datafield ind1="8" ind2=" " tag="024">
      <subfield code="a">Jennifer Quinchia, Marina Blázquez-García, Rebeca M. Torrente-Rodríguez, Víctor Ruiz-Valdepeñas Montiel, Verónica Serafín, Raquel Rejas-González, Ana Montero-Calle, Jahir Orozco, José M. Pingarrón, Rodrigo Barderas, Susana Campuzano, Disposable electrochemical immunoplatform to shed light on the role of the multifunctional glycoprotein TIM-1 in cancer cells invasion, Talanta, Volume 267, 2024, 125155, ISSN 0039-9140,</subfield>
   </datafield>
   <datafield ind1="8" ind2=" " tag="024">
      <subfield code="a">0039-9140</subfield>
   </datafield>
   <datafield ind1="8" ind2=" " tag="024">
      <subfield code="a">10.1016/j.talanta.2023.125155</subfield>
   </datafield>
   <datafield ind1="8" ind2=" " tag="024">
      <subfield code="a">https://hdl.handle.net/20.500.14352/105710</subfield>
   </datafield>
   <datafield ind1="8" ind2=" " tag="024">
      <subfield code="a">https://doi.org/10.1016/j.talanta.2023.125155</subfield>
   </datafield>
   <datafield ind1="8" ind2=" " tag="024">
      <subfield code="a">https://www.sciencedirect.com/science/article/pii/S0039914023009062?via%3Dihub</subfield>
   </datafield>
   <datafield ind2="0" ind1="0" tag="245">
      <subfield code="a">Disposable electrochemical immunoplatform to shed light on the role of the multifunctional glycoprotein TIM-1 in cancer cells invasion</subfield>
   </datafield>
</record></metadata></record></GetRecord></OAI-PMH>